Jurassic World - Chaos Theory Toys by Picture - Statistics

General Stats
  • This quiz has been taken 6 times
  • The average score is 4 of 16
Answer Stats
Picture Answer % Correct
Suchomimus
83%
Dimetrodon
67%
Pyroraptor
67%
Kentrosaurus
50%
Pteranodon
50%
Dsungaripterus
17%
Styxosaurus
17%
Ceratosuchops
0%
Farlowichmus
0%
Guemesia
0%
Herrarasaurus
0%
Huayangosaurus
0%
Hypsilophodon
0%
Jakapil
0%
Kryptops
0%
Lophostropheus
0%
No matching quizzes found
Score Distribution
Percent of People with Each Score
Percentile by Number Answered
Your Score History
You have not taken this quiz